000 00616cam a22002053a 4500
001 45020
003 PGUSA
005 20140828084028.0
008 140226s2014||||xxu|||||s|||||000 | eng d
040 _aPGUSA
_beng
042 _adc
100 1 _aLatimer, Charles
245 1 4 _aThe Divining Rod :
_bVirgula Divina—Baculus Divinatorius (Water-Witching)
_h[electronic resource] /
_cCharles Latimer
260 _bProject Gutenberg,
_c2014
506 _aPublic domain in the USA.
516 _aElectronic text
830 0 _aProject Gutenberg
_v45020
856 4 0 _uhttp://www.gutenberg.org/ebooks/45020
942 _cEB
999 _c274271
_d274271